[Event "St Petersburg Chigorin CC-ch"]
[Site "St Petersburg"]
[Date "2009.05.28"]
[Round "8"]
[White "Bashkirov, Valentin"]
[Black "Sinajskij, Anatolij"]
[Result "1-0"]
[WhiteElo "1981"]
[BlackElo "2100"]
[PlyCount "89"]
[EventDate "2009.05.19"]
[EventType "swiss"]
[EventRounds "9"]
[EventCountry "RUS"]
[SourceTitle "CBM 130 Extra"]
[Source "ChessBase"]
[SourceDate "2009.07.02"]
[SourceVersion "2"]
[SourceVersionDate "2009.07.15"]
[SourceQuality "1"]

1. d4 Nf6 2. Nf3 g6 3. g3 Bg7 4. Bg2 c5 5. e3 0-0 6. 0-0 Qc7 7. Nc3 a6 8. dxc5 Qxc5 9. e4 d6 10. Be3 Qa5 11. h3 Nc6 12. Qd2 Re8 13. a3 Be6 14. Nd4 Nxd4 15. Bxd4 Rac8 16. f4 Bc4 17. Rf2 e5 18. Be3 exf4 19. Bxf4 Nh5 20. b4 Qd8 21. Re1 Nxf4 22. gxf4 Qh4 23. Nd1 Be6 24. Re3 g5 25. f5 Ba2 26. f6 Bf8 27. Rd3 Bc4 28. Rd4 Re5 29. Ne3 Be6 30. Nf5 Bxf5 31. exf5 Qg3 32. Rg4 Qe3 33. Rxg5+ Kh8 34. Qxe3 Rxe3 35. Bxb7 Rb8 36. Bd5 Rxa3 37. Bxf7 Bh6 38. Rg4 Be3 39. Be6 h5 40. Rh4 Rg8+ 41. Kh2 Rg5 42. Rg2 Kh7 43. Rxg5 Bxg5 44. Rxh5+ Bh6 45. f7 1-0

[Event "St Petersburg Chigorin CC-ch"]
[Site "St Petersburg"]
[Date "2009.05.25"]
[Round "6"]
[White "Bashkirov, Valentin"]
[Black "Yusupova, Lilia"]
[Result "1-0"]
[WhiteElo "1981"]
[BlackElo "1713"]
[PlyCount "77"]
[EventDate "2009.05.19"]
[EventType "swiss"]
[EventRounds "9"]
[EventCountry "RUS"]
[SourceTitle "CBM 130 Extra"]
[Source "ChessBase"]
[SourceDate "2009.07.02"]
[SourceVersion "2"]
[SourceVersionDate "2009.07.15"]
[SourceQuality "1"]

1. Nf3 d5 2. c4 Nf6 3. g3 Bf5 4. Bg2 e6 5. cxd5 exd5 6. Qb3 Qc8 7. Nd4 Be4 8. f3 Bg6 9. 0-0 c6 10. d3 Be7 11. e4 0-0 12. Be3 Na6 13. Ne2 h6 14. Nd2 Bc5 15. d4 Bb6 16. Nf4 Bh7 17. e5 Ne8 18. Rfc1 Nec7 19. Qd1 Ne6 20. Nxe6 Qxe6 21. b4 Nc7 22. Nb3 Qe7 23. Qd2 Ne6 24. f4 f6 25. f5 Nd8 26. e6 a6 27. a4 Ba7 28. a5 b6 29. axb6 Bxb6 30. Na5 Bxa5 31. bxa5 Rc8 32. Bxd5 Kh8 33. Bc4 Ra8 34. Qe2 Nb7 35. Bxa6 Nxa5 36. Rc5 Nb7 37. Rxc6 Nd6 38. g4 Rfb8 39. Bf4 1-0

[Event "St Petersburg Chigorin CC-ch"]
[Site "St Petersburg"]
[Date "2009.05.24"]
[Round "5"]
[White "Salov, Vitaly V"]
[Black "Bashkirov, Valentin"]
[Result "1-0"]
[WhiteElo "2166"]
[BlackElo "1981"]
[PlyCount "89"]
[EventDate "2009.05.19"]
[EventType "swiss"]
[EventRounds "9"]
[EventCountry "RUS"]
[SourceTitle "CBM 130 Extra"]
[Source "ChessBase"]
[SourceDate "2009.07.02"]
[SourceVersion "2"]
[SourceVersionDate "2009.07.15"]
[SourceQuality "1"]

1. c4 Nf6 2. d4 e6 3. Nf3 b6 4. g3 Bb7 5. Bg2 Be7 6. 0-0 0-0 7. Nc3 d5 8. Ne5 Nbd7 9. Bf4 Nxe5 10. Bxe5 c6 11. cxd5 exd5 12. Bxf6 Bxf6 13. e3 Qd6 14. Rc1 Rac8 15. Qb3 Rc7 16. Rfd1 Bd8 17. Qa4 Bc8 18. b4 a6 19. Qb3 h5 20. h4 g5 21. hxg5 Bxg5 22. Na4 b5 23. Nc5 Kg7 24. f4 Bf6 25. e4 dxe4 26. d5 cxd5 27. Rxd5 Qb6 28. Qe3 Rh8 29. f5 h4 30. Rcd1 Qa7 31. Qxe4 Re7 32. Qg4+ Kf8 33. Rd6 Be5 34. Rd8+ Re8 35. Qe4 Qe7 36. Nd7+ Bxd7 37. R8xd7 Qf6 38. Qb7 hxg3 39. Qd5 Qxf5 40. Rf1 Qxd7 41. Qxd7 Rh7 42. Bd5 Bd4+ 43. Kg2 Bf2 44. Rh1 Rxh1 45. Qxf7# 1-0

[Event "St Petersburg March op"]
[Site "St Petersburg"]
[Date "2009.04.07"]
[Round "7"]
[White "Kuzmin, Egor"]
[Black "Bashkirov, Valentin"]
[Result "1/2-1/2"]
[WhiteElo "1968"]
[BlackElo "1973"]
[PlyCount "98"]
[EventDate "2009.03.30"]
[EventType "swiss"]
[EventRounds "9"]
[EventCountry "RUS"]
[SourceTitle "EXT 2012"]
[Source "ChessBase"]
[SourceDate "2011.11.24"]
[SourceVersion "1"]
[SourceVersionDate "2011.11.24"]
[SourceQuality "1"]

1. d4 f5 2. c4 Nf6 3. Nf3 e6 4. g3 d5 5. Bg2 Be7 6. 0-0 0-0 7. b3 c6 8. Ba3 Bxa3 9. Nxa3 Nbd7 10. Nc2 Qc7 11. Rc1 dxc4 12. bxc4 e5 13. dxe5 Nxe5 14. Ncd4 Nxf3+ 15. Nxf3 Ne4 16. e3 Be6 17. Nd4 Qf7 18. Qc2 Nc5 19. Nxe6 Qxe6 20. Rfd1 Rad8 21. Rd4 g6 22. Rcd1 Qe7 23. Qb2 Ne6 24. Rxd8 Rxd8 25. Rxd8+ Nxd8 26. Qd4 a6 27. Bf1 Nf7 28. f4 Qd6 29. c5 Qxd4 30. exd4 Kg7 31. Kf2 Kf6 32. Ke3 h6 33. Bg2 Nd8 34. d5 cxd5 35. Bxd5 g5 36. Kd4 gxf4 37. gxf4 Nc6+ 38. Bxc6 bxc6 39. h4 h5 40. Kd3 Ke7 41. Ke3 Ke6 42. Kd4 Kf6 43. a3 a5 44. Kc3 Ke6 45. Kc4 Kf6 46. Kb3 Ke6 47. Kc4 Kf6 48. Kb3 Ke6 49. Kc4 Kf6 1/2-1/2

[Event "St Petersburg March op"]
[Site "St Petersburg"]
[Date "2009.04.02"]
[Round "4"]
[White "Bashkirov, Valentin"]
[Black "Mukha, Aleksey"]
[Result "1-0"]
[WhiteElo "1973"]
[BlackElo "1939"]
[PlyCount "73"]
[EventDate "2009.03.30"]
[EventType "swiss"]
[EventRounds "9"]
[EventCountry "RUS"]
[SourceTitle "EXT 2012"]
[Source "ChessBase"]
[SourceDate "2011.11.24"]
[SourceVersion "1"]
[SourceVersionDate "2011.11.24"]
[SourceQuality "1"]

1. Nf3 Nf6 2. g3 d5 3. c4 c6 4. Bg2 e6 5. 0-0 Bd6 6. d4 dxc4 7. Qc2 0-0 8. e4 Be7 9. e5 Nd5 10. Qxc4 a5 11. a3 b5 12. Qc2 Bb7 13. Nbd2 Nd7 14. Ne4 Re8 15. Bg5 f6 16. exf6 N5xf6 17. Nc5 Nxc5 18. dxc5 Nd5 19. Bxe7 Qxe7 20. Rfe1 Qf6 21. Re5 Re7 22. Rae1 h6 23. Nd4 Rae8 24. Qd2 Kf7 25. Qxa5 Kf8 26. Bh3 Rf7 27. Qd2 Nc7 28. Bg2 Nd5 29. f4 Kg8 30. f5 Rfe7 31. fxe6 Bc8 32. Rf1 Rxe6 33. Nxe6 Qe7 34. Rfe1 Bxe6 35. Rxe6 Qxc5+ 36. Kh1 Rf8 37. Re8 1-0

[Event "St Petersburg March op"]
[Site "St Petersburg"]
[Date "2009.03.31"]
[Round "2"]
[White "Bashkirov, Valentin"]
[Black "Yusupova, Lilia"]
[Result "1/2-1/2"]
[WhiteElo "1973"]
[BlackElo "1713"]
[PlyCount "95"]
[EventDate "2009.03.30"]
[EventType "swiss"]
[EventRounds "9"]
[EventCountry "RUS"]
[SourceTitle "EXT 2012"]
[Source "ChessBase"]
[SourceDate "2011.11.24"]
[SourceVersion "1"]
[SourceVersionDate "2011.11.24"]
[SourceQuality "1"]

1. Nf3 d5 2. c4 Nf6 3. g3 g6 4. Bg2 Bg7 5. 0-0 0-0 6. d4 dxc4 7. Na3 h6 8. Nxc4 Be6 9. Nfe5 Bd5 10. f3 Nfd7 11. Nxd7 Qxd7 12. Ne5 Qd6 13. Ng4 g5 14. Ne3 Bc6 15. Nf5 Qd7 16. e4 e6 17. Nxg7 Kxg7 18. b3 Bb5 19. Rf2 Nc6 20. Bb2 f6 21. Rd2 Qf7 22. a4 Ba6 23. Ba3 Rfd8 24. b4 b5 25. Rc1 Nb8 26. e5 c6 27. exf6+ Kf8 28. Bb2 Bb7 29. axb5 cxb5 30. Rdc2 Na6 31. Bf1 Rac8 32. Bxb5 Rxc2 33. Rxc2 Nxb4 34. Ba3 a5 35. Bxb4+ axb4 36. Qd2 Qxf6 37. Qxb4+ Kg8 38. Be2 Qxd4+ 39. Qxd4 Rxd4 40. Rc7 Bd5 41. Kf2 Rb4 42. h3 Rb7 43. Rxb7 Bxb7 44. Ke3 Kf7 45. Bc4 Kf6 46. Bd3 e5 47. Bb5 h5 48. Bd7 1/2-1/2

[Event "St Petersburg Zak Memorial"]
[Site "St Petersburg"]
[Date "2007.03.31"]
[Round "8"]
[White "Fateev, Michail"]
[Black "Bashkirov, Valentin"]
[Result "0-1"]
[WhiteElo "2135"]
[BlackElo "2009"]
[PlyCount "114"]
[EventDate "2007.03.24"]
[EventType "swiss"]
[EventRounds "9"]
[EventCountry "RUS"]
[SourceTitle "CBM 117 Extra"]
[Source "ChessBase"]
[SourceDate "2007.05.09"]
[SourceVersion "1"]
[SourceVersionDate "2007.05.09"]
[SourceQuality "1"]

1. e4 g6 2. d4 Bg7 3. Nc3 d6 4. f4 e6 5. Nf3 b6 6. Be3 Bb7 7. Bb5+ c6 8. Be2 Ne7 9. Qd2 Nd7 10. a4 a6 11. Bf2 0-0 12. Bh4 f6 13. g4 b5 14. e5 dxe5 15. dxe5 Nd5 16. Nd4 Nc5 17. Bf3 g5 18. Nxd5 gxh4 19. exf6 Bxf6 20. Nxf6+ Qxf6 21. axb5 Rad8 22. 0-0-0 axb5 23. b4 Na4 24. Rhe1 Qxf4 25. Qxf4 Rxf4 26. Bxc6 Bxc6 27. Nxc6 Rxd1+ 28. Kxd1 Rxg4 29. Rxe6 Rg1+ 30. Kd2 Rg2+ 31. Re2 h3 32. Nd4 Nb6 33. Ke1 Nd5 34. Rxg2+ hxg2 35. Kf2 Nxb4 36. c3 Nd3+ 37. Kxg2 b4 38. c4 Nc5 39. Kf3 b3 40. Nb5 Na4 41. Na3 Nc3 42. c5 Kf7 43. Kf4 b2 44. c6 Ke7 45. Kg5 Kd8 46. Kh6 Kc7 47. Kxh7 Kxc6 48. h4 Kc5 49. h5 Kb4 50. Nb1 Nxb1 51. h6 Nd2 52. Kg7 b1Q 53. h7 Qg1+ 54. Kf7 Qd4 55. Kg8 Qd8+ 56. Kg7 Qe7+ 57. Kg8 Ne4 0-1

[Event "St Petersburg Zak Memorial"]
[Site "St Petersburg"]
[Date "2007.03.28"]
[Round "5"]
[White "Eltsov, Valery"]
[Black "Bashkirov, Valentin"]
[Result "0-1"]
[WhiteElo "2111"]
[BlackElo "2009"]
[PlyCount "130"]
[EventDate "2007.03.24"]
[EventType "swiss"]
[EventRounds "9"]
[EventCountry "RUS"]
[SourceTitle "CBM 117 Extra"]
[Source "ChessBase"]
[SourceDate "2007.05.09"]
[SourceVersion "1"]
[SourceVersionDate "2007.05.09"]
[SourceQuality "1"]

1. e4 c6 2. d4 d5 3. exd5 cxd5 4. Bd3 g6 5. c3 Bg7 6. Bf4 Nf6 7. h3 Nc6 8. Nf3 a6 9. 0-0 0-0 10. Nbd2 b5 11. Ne5 Bb7 12. Nxc6 Bxc6 13. Qe2 e6 14. Be5 Nd7 15. Bxg7 Kxg7 16. Nf3 Qc7 17. Rfe1 Bb7 18. Ne5 Nxe5 19. Qxe5+ Qxe5 20. Rxe5 Bc6 21. Rc1 Rfd8 22. f4 h5 23. Kf2 h4 24. Kf3 Bd7 25. Re2 Bc6 26. Ke3 Kf6 27. Kd2 Rd7 28. Kc2 a5 29. Kb1 Rb8 30. Re5 Rdb7 31. Rg5 Rh8 32. b3 Ke7 33. Re5 Kf6 34. Kb2 Rhb8 35. a3 Ra8 36. Rg5 Rab8 37. Rh1 Rh8 38. Kc2 Bd7 39. Re5 Rc7 40. Kd2 Rhc8 41. Rc1 Rb8 42. Ree1 Rbc8 43. Rc2 Ra8 44. Rec1 Bc6 45. Ke3 Bd7 46. c4 bxc4 47. bxc4 dxc4 48. Rxc4 Rxc4 49. Rxc4 Bb5 50. Rc5 Bxd3 51. Kxd3 a4 52. Ke4 Rb8 53. Rc3 Rb2 54. g4 hxg3 55. Rxg3 Ke7 56. Rc3 f5+ 57. Kd3 Rf2 58. Kc4 Rxf4 59. Kc5 g5 60. Rd3 g4 61. hxg4 fxg4 62. Kb5 e5 63. Kc5 Rxd4 64. Rxd4 exd4 65. Kxd4 Kd6 0-1

[Event "St Petersburg Zak Memorial"]
[Site "St Petersburg"]
[Date "2007.03.26"]
[Round "3"]
[White "Bashkirov, Valentin"]
[Black "Karalkin, Maksim"]
[Result "1-0"]
[WhiteElo "2009"]
[BlackElo "2287"]
[PlyCount "147"]
[EventDate "2007.03.24"]
[EventType "swiss"]
[EventRounds "9"]
[EventCountry "RUS"]
[SourceTitle "CBM 117 Extra"]
[Source "ChessBase"]
[SourceDate "2007.05.09"]
[SourceVersion "1"]
[SourceVersionDate "2007.05.09"]
[SourceQuality "1"]

1. d4 Nf6 2. Nf3 g6 3. g3 Bg7 4. Bg2 d6 5. 0-0 0-0 6. a4 Nbd7 7. a5 c6 8. Nc3 d5 9. Re1 Ne4 10. Nxe4 dxe4 11. Ng5 Nf6 12. Nxe4 Nxe4 13. Bxe4 Qxd4 14. Qxd4 Bxd4 15. c3 Bg7 16. a6 e5 17. axb7 Bxb7 18. Be3 f5 19. Bg2 a5 20. Ra4 e4 21. Rea1 Rfd8 22. f3 c5 23. fxe4 fxe4 24. Rxa5 c4 25. Rxa8 Rxa8 26. Rxa8+ Bxa8 27. Bf4 Bf8 28. Kf2 Kf7 29. Be5 Ke6 30. Bd4 Kd5 31. g4 Be7 32. Be3 Bh4+ 33. Kf1 Bf6 34. g5 Be5 35. h4 Bg3 36. Bf2 Bf4 37. e3 Be5 38. Bh3 Bc6 39. Kg2 Bd6 40. Bg3 Bc5 41. Bf4 Bb6 42. Kf2 Bc5 43. Bg4 Ba4 44. h5 Be8 45. h6 Ba4 46. Bc8 Bc6 47. Kg3 Bb6 48. Kf2 Bc5 49. Ke2 Bd6 50. Bxd6 Kxd6 51. Bf5 Be8 52. Bxe4 Ke5 53. Bc2 Bf7 54. Kd2 Bg8 55. Kc1 Bf7 56. Kb1 Bg8 57. Ka2 Bf7 58. Ka3 Bg8 59. Kb4 Bf7 60. Bb1 Bg8 61. Ba2 Bd5 62. Bxc4 Be4 63. Bg8 Kf5 64. Bxh7 Kxg5 65. Kc5 Kxh6 66. Bg8 g5 67. Kd4 Bf3 68. e4 g4 69. Ke3 Kg5 70. Bd5 Kh4 71. Kf2 Kh3 72. Kg1 g3 73. b4 Be2 74. c4 1-0

[Event "St Petersburg Zak Memorial"]
[Site "St Petersburg"]
[Date "2007.03.25"]
[Round "2"]
[White "Yusupova, Lilia"]
[Black "Bashkirov, Valentin"]
[Result "0-1"]
[WhiteElo "1751"]
[BlackElo "2009"]
[PlyCount "56"]
[EventDate "2007.03.24"]
[EventType "swiss"]
[EventRounds "9"]
[EventCountry "RUS"]
[SourceTitle "CBM 117 Extra"]
[Source "ChessBase"]
[SourceDate "2007.05.09"]
[SourceVersion "1"]
[SourceVersionDate "2007.05.09"]
[SourceQuality "1"]

1. c4 f5 2. d4 Nf6 3. Nc3 e6 4. g3 d5 5. Bg2 c6 6. c5 b6 7. b4 a5 8. bxa5 bxc5 9. Bd2 cxd4 10. Na4 Nbd7 11. Nf3 c5 12. Rb1 Ne4 13. Nb6 Nxd2 14. Nxd2 Rxa5 15. Nxd7 Qxd7 16. Qc2 Qa4 17. Qxa4+ Rxa4 18. Rb2 Bd6 19. f4 0-0 20. Nf3 c4 21. 0-0 c3 22. Rc2 Bd7 23. Rb1 Rb8 24. Rxb8+ Bxb8 25. Ne1 Rb4 26. Nd3 Rb1+ 27. Kf2 Bd6 28. Nc1 Rb2 0-1

[Event "St Petersburg-ch qual"]
[Site "St Petersburg"]
[Date "2006.12.08"]
[Round "6"]
[White "Drobyshev, Sergey"]
[Black "Bashkirov, Valentin"]
[Result "0-1"]
[WhiteElo "1668"]
[BlackElo "2009"]
[PlyCount "100"]
[EventDate "2006.11.27"]
[EventType "swiss"]
[EventRounds "10"]
[EventCountry "RUS"]
[SourceTitle "EXT 2008"]
[Source "ChessBase"]
[SourceDate "2007.11.25"]
[SourceVersion "1"]
[SourceVersionDate "2007.11.25"]
[SourceQuality "1"]

1. d4 f5 2. Bf4 Nf6 3. Nf3 e6 4. Nbd2 d5 5. e3 Bd6 6. Ne5 0-0 7. Be2 Nbd7 8. 0-0 c6 9. a4 Bxe5 10. Bxe5 Nxe5 11. dxe5 Ne4 12. Nxe4 fxe4 13. a5 Qg5 14. Qd4 Bd7 15. Qb4 Qxe5 16. Qxb7 Qd6 17. Qb3 Rab8 18. Qc3 e5 19. f3 exf3 20. Bxf3 Rf6 21. Rad1 Rh6 22. e4 d4 23. Qa3 Qxa3 24. bxa3 Rb5 25. c3 c5 26. a6 Ra5 27. cxd4 cxd4 28. Rb1 Rb6 29. Rbc1 Rbxa6 30. Rc7 Rd6 31. h3 d3 32. Bg4 Bxg4 33. hxg4 h6 34. Rff7 Rg6 35. Rfd7 Rxa3 36. Kf2 Rxg4 37. Kf3 Rg6 38. Rc8+ Kh7 39. Rc1 Rf6+ 40. Ke3 d2+ 41. Kxd2 Rf2+ 42. Ke1 Rxg2 43. Kf1 Rh2 44. Kg1 Re2 45. Rcd1 a6 46. R1d2 Ra1+ 47. Rd1 Rxd1+ 48. Rxd1 Kg6 49. Ra1 Rxe4 50. Rxa6+ Kf5 0-1

[Event "Chigorin Memorial 13th"]
[Site "St Petersburg"]
[Date "2005.10.21"]
[Round "7"]
[White "Kuznetsova, Tatiana"]
[Black "Bashkirov, Valentin"]
[Result "0-1"]
[WhiteElo "2030"]
[BlackElo "2052"]
[PlyCount "96"]
[EventDate "2005.10.15"]
[EventType "swiss"]
[EventRounds "9"]
[EventCountry "RUS"]
[SourceTitle "CBM 108 Extra"]
[Source "ChessBase"]
[SourceDate "2005.11.04"]
[SourceVersion "1"]
[SourceVersionDate "2005.11.04"]
[SourceQuality "1"]

1. e4 g6 2. d4 Bg7 3. Nc3 d6 4. f4 Nf6 5. Nf3 c5 6. dxc5 Qa5 7. Bd3 Qxc5 8. Qe2 Bg4 9. Be3 Qa5 10. 0-0 Nc6 11. Kh1 0-0 12. Qe1 Nd7 13. Nh4 f5 14. Bc4+ Kh8 15. h3 Bh5 16. Be6 Nc5 17. exf5 Nxe6 18. fxe6 g5 19. fxg5 Rxf1+ 20. Qxf1 Qb4 21. Nf5 Rf8 22. Re1 Qxb2 23. Ne4 Qxc2 24. Bg1 Bg6 25. g4 Qxa2 26. Neg3 Be5 27. Qb5 Qxe6 28. h4 a6 29. Qd3 Nb4 30. Rxe5 dxe5 31. Qc3 Qc6+ 32. Qxc6 Nxc6 33. Bc5 Bxf5 34. gxf5 Rf7 35. h5 b5 36. g6 Rf6 37. Kg2 e6 38. fxe6 Rxe6 39. gxh7 Kxh7 40. Kf3 b4 41. Ne4 Kh6 42. Kg4 Re8 43. Be3+ Kg7 44. Kg5 Rf8 45. h6+ Kh7 46. Nf6+ Rxf6 47. Kxf6 b3 48. Bc1 e4 0-1

[Event "Chigorin Memorial 13th"]
[Site "St Petersburg"]
[Date "2005.10.20"]
[Round "6"]
[White "Tkachuk, Andrey"]
[Black "Bashkirov, Valentin"]
[Result "1-0"]
[WhiteElo "2170"]
[BlackElo "2052"]
[PlyCount "163"]
[EventDate "2005.10.15"]
[EventType "swiss"]
[EventRounds "9"]
[EventCountry "RUS"]
[SourceTitle "CBM 108 Extra"]
[Source "ChessBase"]
[SourceDate "2005.11.04"]
[SourceVersion "1"]
[SourceVersionDate "2005.11.04"]
[SourceQuality "1"]

1. e4 g6 2. d4 Bg7 3. Nc3 d6 4. f4 Nf6 5. Nf3 0-0 6. Bd3 Nc6 7. d5 Nb4 8. 0-0 Nxd3 9. cxd3 c6 10. dxc6 bxc6 11. d4 Bg4 12. h3 Bxf3 13. Qxf3 e5 14. fxe5 dxe5 15. Bg5 Qxd4+ 16. Kh1 Nh5 17. Be7 f5 18. Bxf8 Rxf8 19. Ne2 Qxb2 20. Qb3+ Qxb3 21. axb3 Rb8 22. Rf3 Rb7 23. Ra6 fxe4 24. Rc3 Nf4 25. Ng3 e3 26. Rxe3 Nd5 27. Re1 Rxb3 28. Ne4 Bh6 29. Rxc6 Be3 30. Rd6 Nf4 31. Rd7 Nh5 32. g4 Nf4 33. Red1 Bd4 34. Ng5 h6 35. Rc1 Rc3 36. Rxc3 Bxc3 37. Ne4 Bd4 38. h4 Nd3 39. Kg2 a5 40. Rd8+ Kf7 41. Ra8 Nc5 42. Nxc5 Bxc5 43. Rxa5 Bd4 44. Kf3 Bc3 45. Ra7+ Kf6 46. Rh7 Bd2 47. Ke4 Bf4 48. Kd5 Bd2 49. Ke4 Bf4 50. Kf3 Bd2 51. Ra7 Be1 52. Ra6+ Kg7 53. h5 gxh5 54. gxh5 Bd2 55. Ke4 Bf4 56. Kf5 Kf7 57. Ra7+ Ke8 58. Kg4 Bg5 59. Kf5 Bf4 60. Kf6 Kd8 61. Ke6 Kc8 62. Rg7 Kd8 63. Rh7 Kc8 64. Rf7 Kd8 65. Rg7 Kc8 66. Kd6 Bh2 67. Rh7 Bf4 68. Rf7 Bh2 69. Re7 Bf4 70. Re8+ Kb7 71. Rf8 Bh2 72. Kd7 Kb6 73. Rf6+ Kc5 74. Rxh6 Bf4 75. Rf6 Kd5 76. Rf5 Be3 77. Ke7 Bf4 78. Kf6 Kd4 79. Ke6 Ke4 80. Rf7 Ke3 81. Kf5 Kf3 82. Re7 1-0

[Event "Chigorin Memorial 13th"]
[Site "St Petersburg"]
[Date "2005.10.17"]
[Round "3"]
[White "Bashkirov, Valentin"]
[Black "Krasnov, Vasiliy G"]
[Result "1/2-1/2"]
[WhiteElo "2052"]
[BlackElo "2142"]
[PlyCount "104"]
[EventDate "2005.10.15"]
[EventType "swiss"]
[EventRounds "9"]
[EventCountry "RUS"]
[SourceTitle "CBM 108 Extra"]
[Source "ChessBase"]
[SourceDate "2005.11.04"]
[SourceVersion "1"]
[SourceVersionDate "2005.11.04"]
[SourceQuality "1"]

1. e4 d6 2. d4 Nf6 3. Nc3 e5 4. Nf3 Nbd7 5. g3 Be7 6. Bg2 0-0 7. 0-0 c6 8. a4 a5 9. h3 Qc7 10. Be3 Re8 11. Re1 Bf8 12. Qd2 Nb6 13. b3 Nbd7 14. Rad1 Rb8 15. d5 Nc5 16. Bxc5 dxc5 17. dxc6 bxc6 18. Bf1 h6 19. Nb1 c4 20. bxc4 Be6 21. c3 Nd7 22. Qa2 Nb6 23. Nbd2 f6 24. Rb1 g5 25. Rb2 Nd7 26. Rxb8 Rxb8 27. Rb1 Nc5 28. Rxb8 Qxb8 29. Qc2 h5 30. Kh2 Qb7 31. Ne1 g4 32. h4 Qb6 33. Kg2 Bh6 34. Nd3 Nxa4 35. Qxa4 Bxd2 36. c5 Qc7 37. Qc2 Bh6 38. Nb2 Bf8 39. Bc4 Bxc4 40. Nxc4 Bxc5 41. Qa4 Bb6 42. Qb3 Qf7 43. Qxb6 Qxc4 44. Qd8+ Kg7 45. Qd7+ Kh6 46. Qf5 Qf7 47. Qc8 Qc4 48. Qh8+ Kg6 49. Qe8+ Kg7 50. Qd7+ Kh6 51. Qf5 Qf7 52. Qc8 Qc4 1/2-1/2

[Event "Chigorin Memorial 12th"]
[Site "St Petersburg"]
[Date "2004.10.22"]
[Round "7"]
[White "Bashkirov, Valentin"]
[Black "Egorov, Dmitry Petrovich"]
[Result "0-1"]
[WhiteElo "2076"]
[BlackElo "2417"]
[PlyCount "76"]
[EventDate "2004.10.16"]
[EventType "swiss"]
[EventRounds "9"]
[EventCountry "RUS"]
[SourceTitle "EXT 2005"]
[Source "ChessBase"]
[SourceDate "2004.11.15"]
[SourceVersion "1"]
[SourceVersionDate "2004.11.15"]
[SourceQuality "1"]

1. d4 d5 2. Nf3 e6 3. Bg5 Be7 4. Bxe7 Nxe7 5. c4 0-0 6. Nc3 Nd7 7. e3 a6 8. cxd5 exd5 9. Bd3 c6 10. 0-0 Nf6 11. Qc2 Ng6 12. Rae1 Qd6 13. e4 dxe4 14. Nxe4 Nxe4 15. Bxe4 Bg4 16. Ne5 Be6 17. Rd1 Rad8 18. f4 f5 19. Nxg6 hxg6 20. d5 cxd5 21. Bd3 d4 22. Bc4 Rfe8 23. Rfe1 d3 24. Rxe6 dxc2 25. Rexd6+ Kh7 26. Rc1 Rxd6 27. Rxc2 Red8 28. Re2 Rd4 29. Bf7 Rxf4 30. g3 Re4 31. Rc2 Rd7 32. Bb3 Red4 33. Rc8 Rd2 34. h3 Rxb2 35. Rc4 g5 36. Bc2 Rd2 37. Bxf5+ g6 38. Be4 Rd1# 0-1

[Event "Chigorin Memorial 12th"]
[Site "St Petersburg"]
[Date "2004.10.21"]
[Round "6"]
[White "Belov, Mikhail"]
[Black "Bashkirov, Valentin"]
[Result "0-1"]
[WhiteElo "1972"]
[BlackElo "2076"]
[PlyCount "70"]
[EventDate "2004.10.16"]
[EventType "swiss"]
[EventRounds "9"]
[EventCountry "RUS"]
[SourceTitle "EXT 2005"]
[Source "ChessBase"]
[SourceDate "2004.11.15"]
[SourceVersion "1"]
[SourceVersionDate "2004.11.15"]
[SourceQuality "1"]

1. d4 e6 2. c4 f5 3. Nc3 Nf6 4. Bg5 Be7 5. e3 0-0 6. Bd3 d5 7. Nf3 c6 8. Qc2 Ne4 9. Bxe7 Qxe7 10. 0-0-0 a5 11. Ne5 Nd7 12. f3 Nxe5 13. dxe5 Nxc3 14. Qxc3 Qg5 15. Qd2 dxc4 16. Bxc4 b5 17. Bb3 a4 18. Bc2 a3 19. b3 Bb7 20. f4 Qe7 21. Qd6 Kf7 22. Qxe7+ Kxe7 23. Rd6 Rfd8 24. Rhd1 c5 25. Rxd8 Rxd8 26. Rxd8 Kxd8 27. g4 g6 28. g5 Kc7 29. Kd2 Kb6 30. h4 Bd5 31. Kc3 Kc6 32. Bd3 b4+ 33. Kd2 Bxb3 34. Bb1 Bd5 35. e4 Bxe4 0-1

[Event "St Petersburg op"]
[Site "St Petersburg"]
[Date "2003.??.??"]
[Round "3"]
[White "Bashkirov, Valentin"]
[Black "Kuzevanova, Evgenia"]
[Result "1-0"]
[WhiteElo "2054"]
[BlackElo "2000"]
[PlyCount "95"]
[EventDate "2003.??.??"]
[EventType "swiss"]
[EventRounds "9"]
[EventCountry "RUS"]
[SourceTitle "EXT 2005"]
[Source "ChessBase"]
[SourceDate "2004.11.15"]
[SourceVersion "1"]
[SourceVersionDate "2004.11.15"]
[SourceQuality "1"]

1. Nf3 c5 2. c4 g6 3. Nc3 Bg7 4. g3 Nc6 5. Bg2 e6 6. 0-0 Nge7 7. e3 0-0 8. d4 cxd4 9. exd4 d5 10. c5 b6 11. cxb6 axb6 12. Bf4 Ba6 13. Re1 Nf5 14. Be5 Nxe5 15. dxe5 Qd7 16. g4 Ne7 17. Ne4 Nc6 18. Nf6+ Bxf6 19. exf6 Qd6 20. Qd2 Rfe8 21. Rac1 Rac8 22. Qh6 Qf8 23. Qh4 h6 24. g5 h5 25. a3 e5 26. Qa4 Bb7 27. Qb3 e4 28. Nh4 Qd6 29. Qxb6 Ba8 30. Qe3 Rb8 31. b4 Ne5 32. Rcd1 Nc4 33. Qc1 Qe6 34. h3 Qb6 35. Qf4 Ne5 36. Qe3 Qe6 37. Bf1 Rbc8 38. Be2 Rc2 39. Ng2 Rxe2 40. Rxe2 Nf3+ 41. Qxf3 exf3 42. Rxe6 Rxe6 43. Ne3 Re5 44. Nf1 Kf8 45. Rd4 Bc6 46. Kh2 Ke8 47. Kg3 Kd7 48. Kxf3 1-0

[Event "St Petersburg-chT "]
[Site "St Petersburg"]
[Date "2003.??.??"]
[Round "3"]
[White "Bashkirov, Valentin"]
[Black "Smirnov, Leonid G"]
[Result "1-0"]
[WhiteElo "2089"]
[BlackElo "2162"]
[PlyCount "99"]
[EventDate "2003.??.??"]
[EventType "team-tourn"]
[EventRounds "9"]
[EventCountry "RUS"]
[SourceTitle "EXT 2005"]
[Source "ChessBase"]
[SourceDate "2004.11.15"]
[SourceVersion "1"]
[SourceVersionDate "2004.11.15"]
[SourceQuality "1"]

1. d4 Nf6 2. Nf3 e6 3. Bg5 Be7 4. Nbd2 d5 5. e3 0-0 6. Bd3 h6 7. Bf4 Nh5 8. Ne5 Nxf4 9. exf4 c5 10. c3 cxd4 11. cxd4 Nc6 12. Nxc6 bxc6 13. 0-0 c5 14. dxc5 Bxc5 15. Rc1 Bd6 16. Qf3 Qf6 17. g3 Rb8 18. b3 Bb7 19. Qe3 Qe7 20. Nf3 Rfc8 21. Ne5 Bc5 22. Qe2 Qd6 23. Qh5 Rc7 24. g4 Ba6 25. Bxa6 Qxa6 26. Rxc5 Rxc5 27. Qxf7+ Kh7 28. Qg6+ Kg8 29. Nd7 Rcc8 30. Nxb8 Rxb8 31. f5 Qd6 32. fxe6 Rb7 33. Rd1 d4 34. Qe4 Re7 35. Rxd4 Qb6 36. Rd7 Rxe6 37. Qd5 Kh7 38. Qd3+ Rg6 39. h4 Qe6 40. Rd4 h5 41. g5 Qe1+ 42. Kg2 Qe6 43. Qd1 Qc6+ 44. Kg3 Qc3+ 45. Rd3 Qe5+ 46. f4 Qf5 47. Qxh5+ Rh6 48. Qf3 Ra6 49. Rd5 Qf7 50. Qd3+ 1-0